| 000 | 01121cam a2200325 a 4500 | ||
|---|---|---|---|
| 001 | 15638814 | ||
| 003 | OSt | ||
| 005 | 20250129101206.0 | ||
| 008 | 090226s2009 ke b 000 0 eng | ||
| 010 | _a 2009349162 | ||
| 020 | _a9966706275 | ||
| 020 | _a9789966706270 | ||
| 040 |
_aDLC _cDLC _dDLC |
||
| 042 | _alcode | ||
| 043 | _af-ke--- | ||
| 050 | 0 | 0 |
_aJQ2947.A91 _bD57 2009 |
| 082 |
_a320.9 _bARRF |
||
| 245 | 0 | 0 |
_aDiscourses on civil society in Kenya / _c[editors, P. Wanyande, M.A. Okebe]. |
| 260 |
_aNairobi : _bAfrican Research and Resource Forum, _c2009. |
||
| 300 |
_a102 p. ; _c21 cm. |
||
| 504 | _aIncludes bibliographical references. | ||
| 650 | 0 |
_aCivil society _zKenya. |
|
| 700 | 1 | _aWanyande, Peter. | |
| 700 | 1 | _aOkebe, M. A. | |
| 710 | 2 | _aAfrican Research and Resource Forum. | |
| 856 | 4 | 1 |
_3Table of contents only _uhttp://www.loc.gov/catdir/toc/fy1001/2009349162.html |
| 906 |
_a7 _bcbc _corigode _d3 _encip _f20 _gy-gencatlg |
||
| 942 |
_2ddc _cBK |
||
| 999 |
_c4051 _d4051 |
||